[Event "GER-chT U20 Girls "]
[Site "Chemnitz"]
[Date "2009.12.30"]
[Round "7.1"]
[White "Lorenz, Nicole"]
[Black "Drewes, Carina"]
[Result "1/2-1/2"]
[WhiteElo "1889"]
[BlackElo "1789"]
[PlyCount "48"]
[EventDate "2009.12.27"]
[EventType "team-swiss"]
[EventRounds "7"]
[EventCountry "GER"]
[SourceTitle "EXT 2022"]
[Source "ChessBase"]
[SourceDate "2021.10.06"]
[SourceVersion "1"]
[SourceVersionDate "2021.10.06"]
[SourceQuality "1"]
[WhiteTeam "Dresden Gruen Weiss U20 Girls"]
[BlackTeam "Duesseldorf SF 75 U20 Girls"]
[WhiteTeamCountry "GER"]
[BlackTeamCountry "GER"]

1. e4 e5 2. Bc4 Nf6 3. d3 Nc6 4. Nf3 d6 5. c3 Bg4 6. Bb3 Be7 7. 0-0 0-0 8. Nbd2 Qd7 9. h3 Bh5 10. Re1 Rfe8 11. Nf1 Rad8 12. Ng3 Bg6 13. Bc2 a6 14. Nh4 Kh8 15. Ngf5 Ng8 16. Qf3 Bf6 17. Be3 Rc8 18. Rad1 Rcd8 19. Bc1 Qc8 20. Ne3 Rf8 21. Nef5 Rfe8 22. Qg3 Nge7 23. Qf3 Rf8 24. Nxe7 Nxe7 1/2-1/2

[Event "GER-chT U20 Girls "]
[Site "Chemnitz"]
[Date "2009.12.28"]
[Round "4.1"]
[White "Endress, Anna"]
[Black "Drewes, Carina"]
[Result "1-0"]
[WhiteElo "2090"]
[BlackElo "1789"]
[PlyCount "47"]
[EventDate "2009.12.27"]
[EventType "team-swiss"]
[EventRounds "7"]
[EventCountry "GER"]
[SourceTitle "EXT 2022"]
[Source "ChessBase"]
[SourceDate "2021.10.06"]
[SourceVersion "1"]
[SourceVersionDate "2021.10.06"]
[SourceQuality "1"]
[WhiteTeam "Mainz Schott U20 Girls"]
[BlackTeam "Duesseldorf SF 75 U20 Girls"]
[WhiteTeamCountry "GER"]
[BlackTeamCountry "GER"]

1. e4 e5 2. Nf3 Nf6 3. Nxe5 d6 4. Nf3 Nxe4 5. Nc3 Nf6 6. d4 Be7 7. Bd3 Bg4 8. Be3 Nc6 9. h3 Bh5 10. Qd2 d5 11. Ne5 Nb4 12. g4 Nxd3+ 13. Qxd3 Bg6 14. Qb5+ Nd7 15. Nxg6 hxg6 16. Qxd5 c6 17. Qg2 Qc7 18. 0-0-0 Bb4 19. Qe4+ Kf8 20. Bf4 Qd8 21. d5 Bxc3 22. bxc3 Nf6 23. Qb4+ Kg8 24. dxc6 1-0

[Event "GER-ch U25 op"]
[Site "Willingen"]
[Date "2008.05.17"]
[Round "9"]
[White "Drewes, Carina"]
[Black "Popp, Maximilian"]
[Result "0-1"]
[WhiteElo "1676"]
[BlackElo "1560"]
[PlyCount "44"]
[EventDate "2008.05.11"]
[EventType "swiss"]
[EventRounds "9"]
[EventCountry "GER"]
[SourceTitle "CBM 124 Extra"]
[Source "ChessBase"]
[SourceDate "2008.07.03"]
[SourceVersion "1"]
[SourceVersionDate "2008.07.03"]
[SourceQuality "1"]

1. d4 Nf6 2. Nf3 c5 3. c3 e6 4. Bf4 Nc6 5. h3 Qb6 6. b3 cxd4 7. cxd4 Bb4+ 8. Bd2 Nxd4 9. e3 Nxf3+ 10. Qxf3 Bxd2+ 11. Nxd2 d5 12. Bd3 0-0 13. 0-0 Bd7 14. Rfe1 Bb5 15. Bc2 Rac8 16. Rec1 Qa5 17. Nf1 Rc6 18. Ng3 Rfc8 19. a4 Rxc2 20. Rxc2 Rxc2 21. Qd1 Rd2 22. Qc1 Bc6 0-1

[Event "GER-ch U25 op"]
[Site "Willingen"]
[Date "2008.05.16"]
[Round "8"]
[White "Meiser, Michael"]
[Black "Drewes, Carina"]
[Result "1/2-1/2"]
[WhiteElo "1490"]
[BlackElo "1676"]
[PlyCount "45"]
[EventDate "2008.05.11"]
[EventType "swiss"]
[EventRounds "9"]
[EventCountry "GER"]
[SourceTitle "CBM 124 Extra"]
[Source "ChessBase"]
[SourceDate "2008.07.03"]
[SourceVersion "1"]
[SourceVersionDate "2008.07.03"]
[SourceQuality "1"]

1. e4 e5 2. Nf3 Nf6 3. Nxe5 d6 4. Nc4 Nxe4 5. Qe2 Qe7 6. Ne3 Nf6 7. c4 Nc6 8. Nc3 a6 9. Ned5 Nxd5 10. Nxd5 Qxe2+ 11. Bxe2 Kd8 12. d3 Be6 13. Bg5+ Be7 14. Nxe7 Nxe7 15. 0-0-0 f6 16. Bh4 Nf5 17. Bg3 Nd4 18. Rhe1 Kd7 19. f3 Rhe8 20. Bf2 Nxe2+ 21. Rxe2 Bf5 22. Rxe8 Rxe8 23. Kd2 1/2-1/2

[Event "GER-ch U25 op"]
[Site "Willingen"]
[Date "2008.05.14"]
[Round "6"]
[White "Huhnstock, Rico"]
[Black "Drewes, Carina"]
[Result "1/2-1/2"]
[WhiteElo "1880"]
[BlackElo "1676"]
[PlyCount "60"]
[EventDate "2008.05.11"]
[EventType "swiss"]
[EventRounds "9"]
[EventCountry "GER"]
[SourceTitle "CBM 124 Extra"]
[Source "ChessBase"]
[SourceDate "2008.07.03"]
[SourceVersion "1"]
[SourceVersionDate "2008.07.03"]
[SourceQuality "1"]

1. e4 e5 2. Nf3 Nf6 3. Nxe5 d6 4. Nf3 Nxe4 5. Nc3 Nxc3 6. dxc3 Be7 7. Bf4 Bg4 8. h3 Be6 9. Qd2 a6 10. a3 Nc6 11. 0-0-0 Qd7 12. Be2 0-0-0 13. Nd4 Kb8 14. Nxe6 fxe6 15. Rhe1 Rde8 16. Bg4 Bf6 17. Qe2 Nd8 18. Kb1 Rhf8 19. Bg3 g6 20. f4 Qf7 21. Qc4 Qd7 22. Re2 Re7 23. Rde1 Rfe8 24. h4 Qb5 25. Qe4 Bxc3 26. b3 Bxe1 27. Rxe1 Qc6 28. Qe2 Qb5 29. Qe4 Qc6 30. Qe2 Qb5 1/2-1/2

[Event "GER-ch U25 op"]
[Site "Willingen"]
[Date "2008.05.13"]
[Round "5"]
[White "Drewes, Carina"]
[Black "Kuckling, Jonas"]
[Result "1-0"]
[WhiteElo "1676"]
[BlackElo "1420"]
[PlyCount "81"]
[EventDate "2008.05.11"]
[EventType "swiss"]
[EventRounds "9"]
[EventCountry "GER"]
[SourceTitle "CBM 124 Extra"]
[Source "ChessBase"]
[SourceDate "2008.07.03"]
[SourceVersion "1"]
[SourceVersionDate "2008.07.03"]
[SourceQuality "1"]

1. d4 d5 2. Nf3 Nc6 3. Bf4 Nf6 4. h3 Bf5 5. e3 Nb4 6. Bd3 Nxd3+ 7. cxd3 e6 8. Nc3 Bb4 9. Qa4+ Nd7 10. Qxb4 b6 11. Rd1 c5 12. Qa4 0-0 13. 0-0 f6 14. Rd2 Bg6 15. Nb5 a5 16. Nc7 Qe7 17. Nxa8 Rxa8 18. Bh2 Be8 19. Qc2 Rc8 20. Qd1 e5 21. dxe5 Nxe5 22. Nxe5 fxe5 23. e4 d4 24. Qg4 Rc6 25. f4 Rg6 26. Qe2 Qh4 27. Rf3 Bd7 28. f5 Rf6 29. Bxe5 Rf8 30. Rg3 Rf7 31. Qg4 Qh6 32. Qg5 Qxg5 33. Rxg5 Bb5 34. Rg3 Rd7 35. f6 Bc6 36. Rxg7+ Rxg7 37. fxg7 b5 38. Rf2 h5 39. Rf8+ Kh7 40. g8Q+ Kh6 41. Bf4# 1-0

[Event "GER-ch U25 op"]
[Site "Willingen"]
[Date "2008.05.12"]
[Round "3"]
[White "Drewes, Carina"]
[Black "Elser, Niklas"]
[Result "1/2-1/2"]
[WhiteElo "1676"]
[BlackElo "1858"]
[PlyCount "82"]
[EventDate "2008.05.11"]
[EventType "swiss"]
[EventRounds "9"]
[EventCountry "GER"]
[SourceTitle "CBM 124 Extra"]
[Source "ChessBase"]
[SourceDate "2008.07.03"]
[SourceVersion "1"]
[SourceVersionDate "2008.07.03"]
[SourceQuality "1"]

1. d4 d5 2. Nf3 Nf6 3. Bf4 e6 4. e3 Be7 5. h3 0-0 6. Bd3 c5 7. c3 Nbd7 8. 0-0 Qb6 9. Qc2 c4 10. Be2 Ne4 11. Nbd2 f5 12. Rab1 Qc6 13. Ne5 Nxe5 14. Bxe5 b5 15. a3 Bd7 16. Qc1 g5 17. Nxe4 dxe4 18. Qd1 Be8 19. f4 a5 20. Ra1 Bg6 21. Qe1 h6 22. Qg3 Kf7 23. Qe1 Rfc8 24. Qd2 Ra7 25. Rad1 Rd7 26. Qe1 b4 27. axb4 axb4 28. Ra1 b3 29. Qf2 Qb6 30. Ra4 Ra7 31. Rfa1 Rca8 32. Rxa7 Rxa7 33. Qf1 Ra2 34. Rxa2 bxa2 35. Qa1 Qb3 36. Bd1 Kf8 37. Bxb3 cxb3 38. Kf2 Be8 39. g3 Bb5 40. Bc7 Bd3 41. Be5 Kf7 1/2-1/2

[Event "GER-ch U25 op"]
[Site "Willingen"]
[Date "2008.05.11"]
[Round "2"]
[White "Wenninger, Philipp"]
[Black "Drewes, Carina"]
[Result "1/2-1/2"]
[WhiteElo "1868"]
[BlackElo "1676"]
[PlyCount "77"]
[EventDate "2008.05.11"]
[EventType "swiss"]
[EventRounds "9"]
[EventCountry "GER"]
[SourceTitle "CBM 124 Extra"]
[Source "ChessBase"]
[SourceDate "2008.07.03"]
[SourceVersion "1"]
[SourceVersionDate "2008.07.03"]
[SourceQuality "1"]

1. e4 e5 2. d4 exd4 3. c3 dxc3 4. Bc4 Nc6 5. Nxc3 d6 6. f4 Nf6 7. Nf3 Bg4 8. 0-0 Be7 9. Qb3 0-0 10. Qxb7 Na5 11. Qa6 Nxc4 12. Qxc4 h6 13. Nd4 Qd7 14. e5 Nh7 15. h3 Be6 16. Nxe6 fxe6 17. f5 d5 18. fxe6 Qxe6 19. Rxf8+ Bxf8 20. Qxd5 Re8 21. Bf4 g5 22. Bg3 Bg7 23. Rd1 Nf8 24. Qxe6+ Rxe6 25. Rd5 a6 26. Rc5 Nd7 27. Rxc7 Nxe5 28. Rb7 Nd3 29. Rb8+ Kh7 30. Rb7 Nxb2 31. Nd5 Kh8 32. Rb8+ Kh7 33. Rb7 Kh8 34. Nc7 Rc6 35. Kh2 Nc4 36. Nd5 a5 37. Ne7 Rb6 38. Rc7 Ne3 39. Rc8+ 1/2-1/2

[Event "GER-ch U18 Girls"]
[Site "Willingen"]
[Date "2007.06.01"]
[Round "9"]
[White "Drewes, Carina"]
[Black "Giss, Helene"]
[Result "0-1"]
[WhiteElo "1480"]
[BlackElo "2047"]
[PlyCount "104"]
[EventDate "2007.05.26"]
[EventType "swiss"]
[EventRounds "9"]
[EventCountry "GER"]
[SourceTitle "CBM 118 Extra"]
[Source "ChessBase"]
[SourceDate "2007.07.04"]
[SourceVersion "1"]
[SourceVersionDate "2007.07.04"]
[SourceQuality "1"]

1. d4 Nf6 2. Nf3 g6 3. Bf4 d6 4. c3 Bg7 5. h3 0-0 6. e3 Nc6 7. Be2 Nd7 8. 0-0 e5 9. Bh2 Re8 10. dxe5 Ndxe5 11. Nxe5 Nxe5 12. Nd2 f5 13. Qb3+ Be6 14. Qc2 Qd7 15. Nf3 h6 16. Nxe5 Bxe5 17. Bxe5 dxe5 18. Rfd1 Qe7 19. b3 Red8 20. Rab1 Kf7 21. a4 Rxd1+ 22. Rxd1 Rd8 23. b4 Rxd1+ 24. Qxd1 Qd7 25. Qxd7+ Bxd7 26. a5 e4 27. Kf1 Be6 28. Ke1 Ke7 29. Kd2 Kd6 30. c4 Ke5 31. Kc3 g5 32. b5 f4 33. c5 f3 34. gxf3 Bxh3 35. Kc4 Be6+ 36. Kc3 exf3 37. Bxf3 b6 38. Kb4 g4 39. Bg2 Bd5 40. Bxd5 Kxd5 41. cxb6 cxb6 42. axb6 axb6 43. Kc3 h5 44. Kd2 h4 45. Ke2 h3 46. Kf1 Ke4 47. Kg1 Kf3 48. e4 Kxe4 49. Kh2 Kf3 50. Kg1 Ke2 51. Kh2 Kxf2 52. Kh1 Ke3 0-1

[Event "GER-ch U18 Girls"]
[Site "Willingen"]
[Date "2007.05.26"]
[Round "1"]
[White "Drewes, Carina"]
[Black "Tovmasian, Nelli"]
[Result "1/2-1/2"]
[WhiteElo "1480"]
[BlackElo "1877"]
[PlyCount "88"]
[EventDate "2007.05.26"]
[EventType "swiss"]
[EventRounds "9"]
[EventCountry "GER"]
[SourceTitle "CBM 118 Extra"]
[Source "ChessBase"]
[SourceDate "2007.07.04"]
[SourceVersion "1"]
[SourceVersionDate "2007.07.04"]
[SourceQuality "1"]

1. d4 Nf6 2. Nf3 d5 3. Bf4 e6 4. e3 Bd7 5. Bd3 c5 6. c3 c4 7. Bc2 Be7 8. Nbd2 Nc6 9. h3 b5 10. a3 a5 11. 0-0 0-0 12. Re1 Qb6 13. Qe2 Rad8 14. Ne5 Bc8 15. Nxc6 Qxc6 16. Be5 Ne4 17. Nxe4 dxe4 18. Qg4 f6 19. Bg3 f5 20. Qe2 Bb7 21. Rf1 Qe8 22. Bd1 a4 23. Qh5 Qxh5 24. Bxh5 g6 25. Be2 Bd6 26. Bxd6 Rxd6 27. f4 exf3 28. Bxf3 Bd5 29. Rae1 Bxf3 30. Rxf3 Re8 31. e4 Rdd8 32. exf5 exf5 33. Rfe3 Kf7 34. Kf2 Rxe3 35. Rxe3 Re8 36. Rxe8 Kxe8 37. Kf3 Kf7 38. Kf4 Kf6 39. g4 g5+ 40. Kf3 f4 41. Kf2 Ke6 42. Ke2 Kf6 43. Kf2 Kg6 44. Kg2 Kf6 1/2-1/2

[Event "NRW-ch U18 Girls"]
[Site "Kranenburg"]
[Date "2007.04.13"]
[Round "6"]
[White "Goessler, Rebecca"]
[Black "Drewes, Carina"]
[Result "0-1"]
[WhiteElo "1471"]
[BlackElo "1480"]
[PlyCount "88"]
[EventDate "2007.04.09"]
[EventType "swiss"]
[EventRounds "7"]
[EventCountry "GER"]
[SourceTitle "EXT 2008"]
[Source "ChessBase"]
[SourceDate "2007.11.25"]
[SourceVersion "1"]
[SourceVersionDate "2007.11.25"]
[SourceQuality "1"]

1. e4 e5 2. Nc3 Nc6 3. Bc4 Bc5 4. Qg4 Qf6 5. Nd5 Qxf2+ 6. Kd1 g6 7. Nxc7+ Kd8 8. Nxa8 d5 9. Qe2 dxc4 10. Qxf2 Bxf2 11. Ke2 Bxg1 12. Rxg1 Nd4+ 13. Kd1 Be6 14. d3 Kc8 15. Be3 Kb8 16. c3 Nc6 17. d4 exd4 18. cxd4 Nb4 19. d5 Bd7 20. b3 Kxa8 21. Rf1 Be8 22. d6 f6 23. Kd2 Nc6 24. Kc3 Bd7 25. Rad1 cxb3 26. axb3 h5 27. Rd5 Be6 28. Rd3 Rh7 29. Rd2 Rd7 30. b4 a6 31. Ra1 Na7 32. b5 Nxb5+ 33. Kc2 Rxd6 34. Rxd6 Nxd6 35. Rd1 Nf7 36. Kc3 Ne7 37. Kb4 Nc6+ 38. Ka4 b5+ 39. Ka3 Kb7 40. Rb1 Nd6 41. Bh6 Nc4+ 42. Kb3 Nd2+ 43. Kb2 Nxb1 44. Kxb1 Kb6 0-1

[Event "NRW U18 op"]
[Site "Olpe"]
[Date "2005.10.04"]
[Round "7.30"]
[White "Drewes, Carina"]
[Black "Liu, Xing"]
[Result "0-1"]
[WhiteElo "1288"]
[BlackElo "1468"]
[PlyCount "44"]
[EventDate "2005.10.01"]
[EventType "swiss"]
[EventRounds "7"]
[EventCountry "GER"]
[SourceTitle "CBM 108 Extra"]
[Source "ChessBase"]
[SourceDate "2005.11.04"]
[SourceVersion "1"]
[SourceVersionDate "2005.11.04"]
[SourceQuality "1"]

1. e4 c5 2. Nf3 e6 3. d3 Nc6 4. Be2 d5 5. exd5 exd5 6. h3 Nf6 7. Bf4 Bd6 8. Bxd6 Qxd6 9. 0-0 Be6 10. a3 h6 11. c3 g5 12. Re1 0-0-0 13. b4 cxb4 14. axb4 g4 15. hxg4 Bxg4 16. Nh2 h5 17. Nd2 Rdg8 18. b5 Bh3 19. Bf3 Ne5 20. g3 Nxd3 21. Re3 Rxg3+ 22. fxg3 Qxg3+ 0-1

[Event "NRW U18 op"]
[Site "Olpe"]
[Date "2005.10.03"]
[Round "6.25"]
[White "Schneider, Daniel2222"]
[Black "Drewes, Carina"]
[Result "1-0"]
[WhiteElo "1606"]
[BlackElo "1288"]
[PlyCount "55"]
[EventDate "2005.10.01"]
[EventType "swiss"]
[EventRounds "7"]
[EventCountry "GER"]
[SourceTitle "CBM 108 Extra"]
[Source "ChessBase"]
[SourceDate "2005.11.04"]
[SourceVersion "1"]
[SourceVersionDate "2005.11.04"]
[SourceQuality "1"]

1. e4 e5 2. f4 d6 3. Nf3 Bg4 4. Bc4 Nc6 5. 0-0 Nd4 6. fxe5 Nxf3+ 7. gxf3 Bh3 8. Rf2 Qg5+ 9. Kh1 Qxe5 10. d4 Qf6 11. c3 h6 12. Be3 Qe7 13. Nd2 Nf6 14. Qc2 g6 15. Rg1 c6 16. Bd3 Bg7 17. Nf1 0-0-0 18. b4 Kb8 19. c4 Rc8 20. c5 d5 21. Bf4+ Ka8 22. Bd6 Qd7 23. Qa4 Be6 24. b5 Ne8 25. e5 g5 26. b6 a6 27. Bxa6 Nxd6 28. Bxb7+ 1-0

[Event "NRW-ch U16/18 Girls"]
[Site "Kranenburg"]
[Date "2005.03.31"]
[Round "5"]
[White "Huellen, Alexandra"]
[Black "Drewes, Carina"]
[Result "1/2-1/2"]
[WhiteElo "1356"]
[BlackElo "1341"]
[PlyCount "54"]
[EventDate "2005.03.28"]
[EventType "swiss"]
[EventRounds "7"]
[EventCountry "GER"]
[SourceTitle "CBM 105 Extra"]
[Source "ChessBase"]
[SourceDate "2005.05.01"]
[SourceVersion "1"]
[SourceVersionDate "2005.05.01"]
[SourceQuality "1"]

1. e4 e5 2. Nf3 Nc6 3. Bc4 Bc5 4. c3 h6 5. d4 exd4 6. cxd4 Bb6 7. 0-0 d6 8. Nc3 Bg4 9. h3 Bh5 10. g4 Bg6 11. Qa4 Kf8 12. Bb5 Nge7 13. d5 Ne5 14. Nxe5 dxe5 15. Be3 h5 16. g5 h4 17. Bxb6 axb6 18. Qc4 Rh5 19. f4 exf4 20. Rxf4 Rxg5+ 21. Rg4 Rxg4+ 22. hxg4 Qd6 23. Qd3 Qf4 24. Qe2 Qg3+ 25. Qg2 Qxg2+ 26. Kxg2 Bh7 27. g5 Rd8 1/2-1/2

[Event "NRW-ch U14 Girls"]
[Site "Kranenburg"]
[Date "2003.04.25"]
[Round "6"]
[White "Horwath, Saskia"]
[Black "Drewes, Carina"]
[Result "0-1"]
[WhiteElo "791"]
[BlackElo "1273"]
[PlyCount "66"]
[EventDate "2003.04.??"]
[EventType "swiss"]
[EventRounds "7"]
[EventCountry "GER"]
[SourceTitle "EXT 2005"]
[Source "ChessBase"]
[SourceDate "2004.11.15"]
[SourceVersion "1"]
[SourceVersionDate "2004.11.15"]
[SourceQuality "1"]

1. e4 e5 2. f4 exf4 3. Nf3 Nc6 4. Bc4 Bc5 5. d4 Bb6 6. 0-0 d6 7. Ng5 Qxg5 8. Bxf4 Qd8 9. Kh1 Nf6 10. Be3 Bg4 11. Qd3 Qd7 12. Nc3 h6 13. a3 a6 14. d5 Ne5 15. Bb5 axb5 16. Qxb5 Bxe3 17. Qxb7 0-0 18. Nd1 Bxd1 19. Raxd1 Rfb8 20. Qxa8 Rxa8 21. Rfe1 Bc5 22. b4 Bb6 23. Ra1 Bd4 24. Ra2 c5 25. Rb1 Qa7 26. Rb3 cxb4 27. Rxb4 Bc5 28. Rb3 Rb8 29. Rxb8+ Qxb8 30. h3 Qb1+ 31. Kh2 Qxa2 32. g4 Qxc2+ 33. Kg3 Qf2# 0-1

[Event "NRW-ch U14 Girls"]
[Site "Winterberg"]
[Date "2002.04.04"]
[Round "5"]
[White "Drewes, Carina"]
[Black "Fachadas Lehnen, Sara"]
[Result "1-0"]
[WhiteElo "1102"]
[BlackElo "993"]
[PlyCount "101"]
[EventDate "2002.04.01"]
[EventType "swiss"]
[EventRounds "7"]
[EventCountry "GER"]
[SourceTitle "EXT 2003"]
[Source "ChessBase"]
[SourceDate "2002.11.25"]
[SourceVersion "1"]
[SourceVersionDate "2002.11.25"]
[SourceQuality "1"]

1. e4 e5 2. Nc3 Nf6 3. Nf3 Nc6 4. Be2 Bc5 5. d3 h6 6. 0-0 0-0 7. Re1 d5 8. exd5 Nxd5 9. Nxd5 Qxd5 10. h3 e4 11. dxe4 Qxe4 12. Bd3 Qd5 13. Bf4 Bd6 14. Bh7+ Kxh7 15. Qxd5 Bxf4 16. Qe4+ Kg8 17. Qxf4 Be6 18. b3 Rae8 19. Rad1 Re7 20. c4 Rfe8 21. Nd4 Nxd4 22. Qxd4 Rd7 23. Qxa7 Rxd1 24. Rxd1 Bc8 25. Qd4 Bf5 26. Qf4 Bg6 27. Qxc7 Be4 28. Rd8 Rxd8 29. Qxd8+ Kh7 30. Qe7 Bg6 31. Qxb7 h5 32. c5 Bf5 33. Qxf7 Bg6 34. Qxg6+ Kxg6 35. c6 Kg5 36. c7 g6 37. c8Q Kf4 38. g3+ Ke4 39. Qc4+ Kf5 40. g4+ Kg5 41. Qc1+ Kf6 42. Qf4+ Kg7 43. g5 Kh7 44. Qf7+ Kh8 45. Qxg6 h4 46. Qe6 Kh7 47. g6+ Kg7 48. Qf7+ Kh6 49. g7 Kg5 50. g8Q+ Kh6 51. Qfg6# 1-0